| 000 | 00541nam a22001937a 4500 | ||
|---|---|---|---|
| 005 | 20240404160516.0 | ||
| 008 | 190808b xxu||||| |||| 00| 0 spa d | ||
| 041 | _aspa | ||
| 100 | _aInstituto de Normas Técnicas de Costa Rica | ||
| 245 | _aNorma técnica voluntaria: guía de responsabilidad social INTE-ISO 26000:2010 | ||
| 260 | _aCosta Rica | ||
| 260 | _bINTECO | ||
| 260 | _c2010 | ||
| 300 | _a1 CD-ROM | ||
| 650 | _aRESPONSABILIDAD SOCIAL | ||
| 650 | _aADMINISTRACIÓN DE EMPRESAS | ||
| 650 | _aORGANIZACIONES | ||
| 942 | _cCD | ||
| 999 |
_c12213 _d12213 |
||